|
|
|
|
| LEADER |
02129nam a2200409 a 4500 |
| 001 |
29299 |
| 003 |
BD-DhAAL |
| 005 |
20251120181906.0 |
| 008 |
150524s2010 dcua b 001 0 eng |
| 010 |
|
|
|a 2009010391
|
| 020 |
|
|
|a 9781433805592
|
| 020 |
|
|
|a 1433805596
|
| 020 |
|
|
|a 9781433805615 (softcover)
|
| 020 |
|
|
|a 1433805618 (softcover)
|
| 020 |
|
|
|a 9781433805622 (spiral bound)
|
| 020 |
|
|
|a 1433805626 (spiral bound)
|
| 040 |
|
|
|a DLC
|c DLC
|d DLC
|d BD-DhAAL
|
| 050 |
0 |
0 |
|a BF76.7
|b .P83 2010
|
| 082 |
0 |
0 |
|a 808.06615
|2 22
|
| 245 |
0 |
0 |
|a Publication manual of the American psychological association.
|
| 250 |
|
|
|a Sixth edition.
|
| 260 |
|
|
|a Washington, DC :
|b American Psychological Association,
|c c2010.
|
| 300 |
|
|
|a xviii, 272 pages :
|b illustrations ;
|c 26 cm.
|
| 504 |
|
|
|a Includes bibliographical references (p. 255-257) and index.
|
| 541 |
|
|
|e 29299
|
| 650 |
|
0 |
|a Psychology
|x Authorship
|v Style manuals.
|9 11378
|
| 650 |
|
0 |
|a Social sciences
|x Authorship
|v Style manuals.
|9 11379
|
| 650 |
|
0 |
|a Psychological literature
|x Publishing
|v Handbooks, manuals, etc.
|9 11380
|
| 650 |
|
0 |
|a Social science literature
|x Publishing
|v Handbooks, manuals, etc.
|9 11381
|
| 710 |
2 |
|
|a American Psychological Association.
|9 11382
|
| 852 |
|
|
|a Ayesha Abed Library
|c General Stacks
|
| 942 |
|
|
|2 ddc
|c BK
|
| 999 |
|
|
|c 34510
|d 34510
|
| 952 |
|
|
|0 0
|1 0
|2 ddc
|4 0
|6 808_066150000000000_PUB
|7 0
|9 53864
|a BRACUL
|b BRACUL
|c GEN
|d 2015-05-24
|e Karim International
|g 1170.00
|l 3
|o 808.06615 PUB
|p 3010029299
|r 2015-08-24
|s 2015-08-11
|t 1
|w 2015-05-24
|y BK
|
| 952 |
|
|
|0 0
|1 0
|2 ddc
|4 0
|6 808_066150000000000_PUB
|7 0
|9 56594
|a BRACUL
|b BRACUL
|c CIR
|d 2015-11-03
|e Karim International
|g 3570.00
|l 1
|m 2
|o 808.06615 PUB
|p 3010030080
|r 2015-12-13
|s 2015-12-01
|t 2
|w 2015-11-03
|y 1HOUR
|
| 952 |
|
|
|0 0
|1 0
|2 ddc
|4 0
|6 808_066150000000000_PUB
|7 0
|9 56595
|a BRACUL
|b BRACUL
|c GEN
|d 2015-11-03
|e Karim International
|g 3570.00
|l 1
|m 4
|o 808.06615 PUB
|p 3010030081
|r 2017-10-29
|s 2017-10-04
|t 3
|w 2015-11-03
|y BK
|
| 952 |
|
|
|0 0
|1 0
|2 ddc
|4 0
|6 808_066150000000000_PUB
|7 0
|9 56621
|a BRACUL
|b BRACUL
|c GEN
|d 2015-11-04
|e Karim International
|g 3570.00
|l 4
|m 10
|o 808.06615 PUB
|p 3010030082
|r 2021-06-06
|s 2021-04-21
|t 4
|w 2015-11-04
|y BK
|